000 004140000a22001690004500
003 MACL
005 20160112131648.0
008 160112b xxu||||| |||| 00| 0 eng d
040 _aMACL
_cMACL
041 _aEnglish
082 _a025
100 _aUniversity Osmania
_931245
245 _aCatalogue
260 _bThe Osmania University
_aHyderabad
_c1929
650 _aLib. Science
_931246
942 _cBK
_k025
_2ddc
999 _c36569
_d36569